MARC details
| 000 -CABECERA |
| campo de control de longitud fija |
01042cam a2200217 a 4500 |
| 001 - NÚMERO DE CONTROL |
| campo de control |
000007615 |
| 005 - FECHA Y HORA DE LA ÚLTIMA TRANSACCIÓN |
| campo de control |
20200929154232.0 |
| 008 - DATOS DE LONGITUD FIJA--INFORMACIÓN GENERAL |
| campo de control de longitud fija |
810918m19031904nyuabce 001 0beng |
| 010 ## - NÚMERO DE CONTROL DE LA BIBLIOTECA DEL CONGRESO |
| Número de control de LC |
03011846 |
| 040 ## - FUENTE DE LA CATALOGACIÓN |
| Centro catalogador/agencia de origen |
DO-SdBNP |
| Lengua de catalogación |
spa |
| Centro/agencia transcriptor |
BNPHU |
| 100 1# - ENTRADA PRINCIPAL--NOMBRE DE PERSONA |
| Nombre de persona |
Thacher, John Boyd, |
| Fechas asociadas al nombre |
1847-1909. |
| 9 (RLIN) |
21127 |
| 245 10 - MENCIÓN DE TÍTULO |
| Título |
Christopher Columbus: his life, his work, his remains as revealed by original printed and manuscript records, together with an essay on Peter Martyr of Anghera and Bartolome de las Casas, the first historians of America / |
| Mención de responsabilidad, etc. |
John Boyd Thacher. |
| 260 ## - PUBLICACIÓN, DISTRIBUCIÓN, ETC. |
| Lugar de publicación, distribución, etc. |
New York : |
| Nombre del editor, distribuidor, etc. |
G.P. Putnam's Sons: |
| Lugar de publicación, distribución, etc. |
London : |
| Nombre del editor, distribuidor, etc. |
The Knickerbocker Press, |
| Fecha de publicación, distribución, etc. |
1903-1904. |
| 300 ## - DESCRIPCIÓN FÍSICA |
| Extensión |
3 v. : |
| Otras características físicas |
il., mapas, facsims. ; |
| Dimensiones |
30 cm. |
| 600 10 - PUNTO DE ACCESO ADICIONAL DE MATERIA--NOMBRE DE PERSONA |
| Nombre de persona |
Columbus, Christopher. |
| 9 (RLIN) |
14770 |
| 600 10 - PUNTO DE ACCESO ADICIONAL DE MATERIA--NOMBRE DE PERSONA |
| Nombre de persona |
Anghiera, Pietro Martire d', |
| Fechas asociadas al nombre |
1457-1526. |
| 9 (RLIN) |
543 |
| 600 10 - PUNTO DE ACCESO ADICIONAL DE MATERIA--NOMBRE DE PERSONA |
| Nombre de persona |
Casas, Bartolome de las, |
| Fechas asociadas al nombre |
1474-1566. |
| 9 (RLIN) |
21128 |
| 700 1# - PUNTO DE ACCESO ADICIONAL--NOMBRE DE PERSONA |
| Nombre de persona |
Morison, Samuel Eliot, |
| Fechas asociadas al nombre |
1887-1976, |
| Término indicativo de función/relación |
former owner. |
| 9 (RLIN) |
4889 |
| 710 2# - PUNTO DE ACCESO ADICIONAL--NOMBRE DE ENTIDAD CORPORATIVA |
| Nombre de entidad corporativa o nombre de jurisdicción como elemento de entrada |
Knickerbocker Press. |
| 9 (RLIN) |
21129 |
| 710 2# - PUNTO DE ACCESO ADICIONAL--NOMBRE DE ENTIDAD CORPORATIVA |
| Nombre de entidad corporativa o nombre de jurisdicción como elemento de entrada |
Jay I. Kislak Collection (Library of Congress) |
| Institución que aplica el campo |
DLC |
| 9 (RLIN) |
21130 |